000 00303nam a22001337a 4500
008 221005b ||||| |||| 00| 0 eng d
041 _aeng
080 _2second edition
_a616.073
082 _a616.073 WIN
100 _a12
101 _aGJENE
245 _aGENETICS
_cWINCHESTER.A.M
942 _2udc
_cBK
999 _c58351
_d58351